| 000 | 00730nam a2200229 i 4500 | ||
|---|---|---|---|
| 003 | DO-SdBNP | ||
| 005 | 20241003134037.0 | ||
| 007 | ta | ||
| 008 | 240415s2011 dr co 000 j spa d | ||
| 040 |
_aDO-SdBNP _bspa _cBNPHU _erda |
||
| 082 |
_bR426g _222 |
||
| 110 |
_aCentro Cultural BanReservas _bDespacho de la Primera Dama _985170 |
||
| 245 | 1 | 0 |
_aGuía para educadores valores : _bbien por ti tus valores hacen un mejor país |
| 264 | 4 |
_aSanto Domingo : _bDespacho de la Primera Dama, _c©2011 |
|
| 300 |
_a19 páginas ; _c22 cm. |
||
| 336 |
_2rdacontent _atexto _btxt |
||
| 337 |
_2rdamedia _asin mediación _bn |
||
| 338 |
_2rdacarrier _avolumen _bnc |
||
| 590 | _aInventariado, 2024/ DG | ||
| 910 | _aDG | ||
| 942 |
_2ddc _cLF2 |
||
| 999 |
_c56395 _d56395 |
||